LIBRARY & INFORMATION CENTRE, KCAET, TAVANUR

ONLINE PUBLIC ACCESS CATALOGUE (OPAC)

Principles of human relations (Record no. 26)

MARC details
000 -LEADER
fixed length control field 00472cam a2200205ua 4500
041 ## - LANGUAGE CODE
Language code of text/sound track or separate title eng
082 ## - DEWEY DECIMAL CLASSIFICATION NUMBER
Classification number 658.31244
Item number MAI/PR
100 ## - MAIN ENTRY--AUTHOR NAME
Personal name Maier, Norman R.F .
245 ## - TITLE STATEMENT
Title Principles of human relations
250 ## - EDITION STATEMENT
Edition statement 6 /
260 ## - PUBLICATION, DISTRIBUTION, ETC. (IMPRINT)
Place of publication New York :
Name of publisher John Wiley & Sons ,
Year of publication 1959.
300 ## - PHYSICAL DESCRIPTION
Number of Pages 474 ; .
650 ## - SUBJECT ADDED ENTRY--TOPICAL TERM
Topical Term Industrial organisation
650 ## - SUBJECT ADDED ENTRY--TOPICAL TERM
Topical Term Management
942 ## - ADDED ENTRY ELEMENTS (KOHA)
Koha item type Books
003 - CONTROL NUMBER IDENTIFIER
control field @
003 - CONTROL NUMBER IDENTIFIER
control field OSt
Holdings
Withdrawn status Lost status Damaged status Home library Current library Date acquired Full call number Accession Number Koha item type
      KAUAET KAUAET 07/04/2012 658.31244 MAI/PR 614 Books
free website counter